La religión y la libertad (Record no. 167185)

MARC details
000 -LEADER
campo de control de longitud fija 01737nam a2200229 i 4500
001 - NÚMERO DE CONTROL
campo de control 167185
003 - IDENTIFICADOR DE NÚMERO DE CONTROL
campo de control ES-MaACL
005 - FECHA Y HORA DE LA ÚLTIMA TRANSACCIÓN
campo de control 20251114140008.0
008 - DATOS DE LONGITUD FIJA--INFORMACIÓN GENERAL
campo de control de longitud fija 050921s1874 sp |||| | spa d
100 1# - ENTRADA PRINCIPAL--NOMBRE DE PERSONA
Nombre de persona Ventura, Gioacchino,
Fechas asociadas al nombre 1792-1861
9 (RLIN) 133616
245 13 - MENCIÓN DEL TÍTULO
Título La religión y la libertad
Resto del título : oración fúnebre de Daniel O'Connell, pronunciada en la basílica de San Pedro de Roma, los días 28 y 30 de junio de 1847 /
Mención de responsabilidad, etc. por J. Ventura ; traducida al castellano por Narciso José de Peñalver y Peñalver, Conde de Peñalver.
246 3# - FORMA VARIANTE DEL TITULO
Texto de visualización Tít. de anteport.
Título propio/Titulo breve O'Connell, el anticristo y la revelación de San Juan
250 ## - MENCION DE EDICION
Mención de edición 2ª ed.
260 ## - PUBLICACIÓN, DISTRIBUCIÓN, ETC.
Lugar de publicación, distribución, etc. Barcelona :
Nombre del editor, distribuidor, etc. Libreria Católica de Pons y Compañía,
Fecha de publicación, distribución, etc. 1874 (
Fabricante Est. tip. de Miguel González)
300 ## - DESCRIPCIÓN FÍSICA
Extensión 1237 p. ;
Dimensiones 23 cm.
505 8# - NOTA DE CONTENIDO CON FORMATO
Nota de contenido con formato Contiene: Veinte años después: por el Coleccionista. Apuntes auténticos sobre el Anticristo Tarso: por el Coleccionista. La obra histórica de la secta anticristiana, por Juan Estéban de Camille. El próximo desenlace de la crisis presente, por el autor de: El gran papa y el gran rey. Conjeturas sobre las edades de la Iglesia y los últimos tiempos ..., por Amadeo Nicolás. Ayer y mañana: consideraciones sobre el próximo triunfo de la Iglesia y restauración de la Francia, por Amadeo Nicolás. El Nuevo Testamento de Nuestro Señor Jesucristo: nueva traducción (francesa) con advertencias preliminares ... por el abate Gaume ... [y otros opúsculos sobre el Anticristo]
600 14 - PUNTO DE ACCESO ADICIONAL DE MATERIA--NOMBRE DE PERSONA
Nombre de persona O'Connell, Daniel.
9 (RLIN) 152604
650 #4 - PUNTO DE ACCESO ADICIONAL DE MATERIA--TÉRMINO DE MATERIA
Término de materia o nombre geográfico como elemento de entrada Apologética.
9 (RLIN) 9921
700 2# - ENTRADA AGREGADA--NOMBRE PERSONAL
Nombre de persona Peñalver y Peñalver, Narciso José,
Títulos y otros términos asociados al nombre Conde de,
Fechas asociadas al nombre m.1881
9 (RLIN) 131099
852 ## - LOCALIZACIÓN
Ubicación ES-MaACL
Número de control de estantería G-7822
Nota libre - Enc. pasta española
Holdings
Estatus retirado Estado de pérdida Estado de daño No para préstamo Colección Biblioteca de origen Biblioteca actual Ubicación en estantería Fecha de adquisición Fuente de adquisición Total de préstamos Signatura topográfica completa Código de barras Visto por última vez Precio de reemplazo Tipo de ítem Koha
        Libros del s. XIX Biblioteca del Ateneo de Madrid Biblioteca del Ateneo de Madrid Sala Pecera Planta 3 17/01/2008     G-7822 1175376 23/02/2023 23/02/2023 Libro impreso antiguo